20 Bienal de Arte Paiz/ (Record no. 2374)

MARC details
000 -LEADER
campo de control de longitud fija 00768nam a22002177a 4500
003 - IDENTIFICADOR DE NÚMERO DE CONTROL
campo de control OSt
005 - FECHA Y HORA DE LA ÚLTIMA TRANSACCIÓN
campo de control 20221027165903.0
008 - DATOS DE LONGITUD FIJA--INFORMACIÓN GENERAL
campo de control de longitud fija 221027b |||||||| |||| 00| 0 eng d
020 ## - NÚMERO INTERNACIONAL ESTÁNDAR DEL LIBRO
Número Internacional Estándar del Libro 978-9929-8132-4-2
040 ## - FUENTE DE CATALOGACIÓN
Centro/agencia transcriptor Biblioteca Lado V
082 ## - NÚMERO DE LA CLASIFICACIÓN DECIMAL DEWEY
Número de edición 700.74
Número de clasificación R934b
100 ## - ENTRADA PRINCIPAL--NOMBRE DE PERSONA
9 (RLIN) 218
Nombre de persona Ruiz, Alma
Término indicativo de función/relación curadora
245 ## - MENCIÓN DEL TÍTULO
Título 20 Bienal de Arte Paiz/
Resto del título Ordinario | Extraordinario/
260 ## - PUBLICACIÓN, DISTRIBUCIÓN, ETC.
Lugar de publicación, distribución, etc. Guatemala
Nombre del editor, distribuidor, etc. Fundacion Paiz para la educación y la cultura
300 ## - DESCRIPCIÓN FÍSICA
Extensión 300p.
Dimensiones 18x24cm
650 ## - PUNTO DE ACCESO ADICIONAL DE MATERIA--TÉRMINO DE MATERIA
Fuente del encabezamiento o término Tesauro de Arte & Arquitectura
Término de materia o nombre geográfico como elemento de entrada BIENAL
650 ## - PUNTO DE ACCESO ADICIONAL DE MATERIA--TÉRMINO DE MATERIA
Fuente del encabezamiento o término Tesauro de Arte & Arquitectura
Término de materia o nombre geográfico como elemento de entrada ARTE CONTEMPORANERO
651 ## - PUNTO DE ACCESO ADICIONAL DE MATERIA--NOMBRE GEOGRÁFICO
Fuente del encabezamiento o término Tesauro de Arte & Arquitectura
Nombre geográfico AFRICA
700 ## - ENTRADA AGREGADA--NOMBRE PERSONAL
Nombre de persona Espinoza Calle, Mercedes
Término indicativo de función/relación documentacion
942 ## - ELEMENTOS DE ENTRADA SECUNDARIOS (KOHA)
Fuente del sistema de clasificación o colocación Clasificación Decimal Dewey
Tipo de ítem Koha Libros
Parte de la signatura que corresponde a la clasificación (Parte de la clasificación) 700.74
Parte de la signatura que identifica el ejemplar (Parte del ítem) R934b
Suprimir en OPAC No
Holdings
Estatus retirado Estado de pérdida Fuente del sistema de clasificación o colocación Estado de daño No para préstamo Biblioteca de origen Biblioteca actual Fecha de adquisición Número de inventario Total de préstamos Signatura topográfica completa Código de barras Visto por última vez Precio de reemplazo Tipo de ítem Koha
    Clasificación Decimal Dewey     Biblioteca LadoV Biblioteca LadoV 27/10/2022 004319   700.74 R934b 004319 27/10/2022 27/10/2022 Libros